Crucial issues in education; (Record no. 21538)
[ view plain ]
| 000 -LEADER | |
|---|---|
| fixed length control field | 01249cam a22002651 4500 |
| 001 - CONTROL NUMBER | |
| control field | e 37000196 |
| 003 - CONTROL NUMBER IDENTIFIER | |
| control field | DLC |
| 005 - DATE AND TIME OF LATEST TRANSACTION | |
| control field | 20260227111226.0 |
| 008 - FIXED-LENGTH DATA ELEMENTS--GENERAL INFORMATION | |
| fixed length control field | 860409s1937 dcu f000 0 eng c |
| 010 ## - LIBRARY OF CONGRESS CONTROL NUMBER | |
| LC control number | e 37000196 |
| 035 ## - SYSTEM CONTROL NUMBER | |
| System control number | (OCoLC)13409396 |
| 040 ## - CATALOGING SOURCE | |
| Original cataloging agency | U.S. Off. of Educ. Library |
| Transcribing agency | NhD |
| Modifying agency | DLC |
| 042 ## - AUTHENTICATION CODE | |
| Authentication code | premarc |
| 050 00 - LIBRARY OF CONGRESS CALL NUMBER | |
| Classification number | L111 |
| Item number | .A75 no. 74 |
| 051 ## - LIBRARY OF CONGRESS COPY, ISSUE, OFFPRINT STATEMENT | |
| Classification number | LA210 |
| Item number | .S75 |
| 082 ## - DEWEY DECIMAL CLASSIFICATION NUMBER | |
| Classification number | 370.1 |
| 100 1# - MAIN ENTRY--PERSONAL NAME | |
| Personal name | Studebaker, J. W. |
| Fuller form of name | (John Ward), |
| Dates associated with a name | 1887-1989. |
| 245 10 - TITLE STATEMENT | |
| Title | Crucial issues in education; |
| Statement of responsibility, etc. | an address delivered by J.W. Studebaker, Commissioner of Education, before the Department of Superintendence, Natioinal Education Association, in session at New Orleans, La., February 22, 1937 ... |
| 260 ## - PUBLICATION, DISTRIBUTION, ETC. | |
| Place of publication, distribution, etc. | Washington, |
| Name of publisher, distributor, etc. | U.S. Govt. Print. Off., |
| Date of publication, distribution, etc. | 1937. |
| 300 ## - PHYSICAL DESCRIPTION | |
| Extent | 2 p. l., 19 p. |
| Dimensions | 23 cm. |
| 490 0# - SERIES STATEMENT | |
| Series statement | United States. Office of Education. Pamphlet |
| Volume/sequential designation | no. 74 |
| 500 ## - GENERAL NOTE | |
| General note | United States Department of the Interior. Harold L. Ickes, Secretary. Office of Education. J.W. Studebaker, Commissioner. |
| 501 ## - WITH NOTE | |
| With note | L111.A75 with: Legislation concerning early childhood education / Ward W. Keesecker and Mary Dabney Davis. Washington : U.S. Govt. Print. Off., 1935. Bound together subsequent to publication. |
| Institution to which field applies | DLC |
| 650 #0 - SUBJECT ADDED ENTRY--TOPICAL TERM | |
| Topical term or geographic name entry element | Education. |
No items available.